00775nam a22002177a 450000500170000000800410001701000150005802000260007303500130009903700130011204000170012508200120014210000230015424501750017726000350035227000780038730000240046550000190048970000240050870000250053220120910141743.0120910t xxu||||| |||| 00| 0 eng d aENG-105831 a9789381144183c500.00 aEN-89364 bDBAD/PUB aDPLbEnglish a338.954 aSurepally, Sujatha aSpecial economic zones in India :cby Sujatha Surepally, M. Bharath Bhushan [and] Vidya Bhushan Rawatba study with special reference to Polepally SEZ in Andhra Pradesh / aNew DelhibDaanish Booksc2012 aC-502, Taj Apartments, GazipurbNew Delhie110096mdaanishbooks@gmail.com axvi,245p.c23cm(Hb) aIncludes index aBhushan, M. Bharath aRawat, Vidya Bhushan